| 000 | 01771nam0a2200349 4500 | ||
|---|---|---|---|
| 001 | RU\NLR\bibl\1300553 | ||
| 005 | 20241119170342.0 | ||
| 020 |
_aRU _b08-2284 _9Летопись авторефератов диссертаций |
||
| 021 |
_aRU _b2007-26471а _91059а |
||
| 035 | _a(NLR Aleph) 001286145 | ||
| 090 |
_a529976 _c529976 |
||
| 100 | _a20080325d2007 u u0rusy50 ca | ||
| 101 | 0 | _arus | |
| 102 | _aRU | ||
| 105 | _aa dm ||||| | ||
| 200 | 1 |
_aПроблемы расширенного воспроизводства образовательного потенциала организации _e(на материалах Управления федеральной почтовой связи Алтайского края-филиала ФГУП "Почта России") _eавтореф. дис. на соиск. учен. степ. канд. экон. наук _eспециальность 08.00.05 <Экономика и упр. нар. хоз-вом> _fБедарев Евгений Георгиевич _g[Алт. гос. ун-т] |
|
| 210 |
_aБарнаул _d2007 |
||
| 215 |
_a23,[1] с. _cил. _d21 |
||
| 320 | _aБиблиогр.: с. 23-24 (9 назв.) | ||
| 610 | 0 | _aАлтайский край, экон. науки | |
| 675 |
_a005.21 _v3 _zrus |
||
| 686 |
_a82.01 _2rugasnti |
||
| 686 |
_a32.81 _2rubbk |
||
| 686 |
_a08.00.05 _2oksvnk |
||
| 700 | 1 |
_aБедарев _bЕ. Г. _gЕвгений Георгиевич _4070 |
|
| 801 | 0 |
_aRU _bRKP _c20080325 _gPSBO |
|
| 801 | 1 |
_aRU _bRKP _c20080325 |
|
| 801 | 2 |
_aRU _bNLR _c20081201 _grcr |
|
| 901 | _eАвторефераты | ||
| 942 | _cBOOK | ||
| 981 | 1 | 0 | _a(10) Авторефераты |